000
00326nam a2200133Ia 4500
008
190216s9999||||xx |||||||||||||| ||und||
100
_a
Choudhary.B
245
0
_a
Elements Of Complex Analysis
250
_a
SECOND
260
_b
New Age International Publishers
_c
1998
300
_a
333
650
_a
Mathematics
942
_c
BK
999
_c
31314
_d
31314